000 00432nam a2200169Ia 4500
008 260407s2023 xx 000 0 und d
041 _aeng
082 _a570/GOK
_b12366
100 _aS.B. GOKHALE
245 _aA PRACTICAL BOOK ON REMEDIAL BIOLOGY
250 _a7TH
260 _aPUNE
_bNIRALI PRAKASHAN
_c2023
300 _a12.1p
650 _aREMEDIAL BIOLOGY
650 _aREMEDIAL BIOLOGY
700 _aDR. M.G. KALASKAR
999 _c1219858
_d1219858